Statistics for Rdr2 characters

Click here to take the quiz!

General Stats

  • This quiz has been taken 170 times
  • The average score is 9 of 15

Answer Stats

HintAnswer% Correct
O'driscolls LeaderColm O'driscoll
84%
The ChildJack Marston
82%
Main ProtagonistArthur Morgan
81%
Gang LeaderDutch Van Der Linde
73%
Oldest MemberHosea Matthews
65%
Main VillainMicah Bell
63%
Who was helping the Indians
when Arthur died
Charles Smith
57%
His sonEagle flies
57%
O'Driscoll which you kidnapKieran Duffy
57%
Arthur's love interestMary Linton
52%
His FatherJohn Marston
46%
Rich AntagonistLeviticus Cornwall
44%
Camp DrunkReverend Swanson
40%
Wapiti LeaderRains Falls
36%
His MotherAbigail Roberts
27%

Score Distribution

Percentile by Number Answered

Percent of People with Each Score

Your Score History

You have not taken this quiz